| 000 | 00795cab a2200253 4500 | ||
|---|---|---|---|
| 001 | ABS58327 | ||
| 008 | 090401t1998 xxu||||| |||| 00| 0 eng d | ||
| 035 | _a(Sirsi) u84310 | ||
| 041 | _aeng | ||
| 100 | _aLinnell, C. | ||
| 245 | _aMoving up | ||
| 260 | _c1998 | ||
| 350 | _a0 | ||
| 490 |
_aLeisure Management _v18(2) February 1998, 16-17(2) |
||
| 520 | _aAttempts to predict trends in the UK leisure property market. Forecasts expansion in the cinema and urban entertainment sectors and suggests multi-level developments are the area to watch. | ||
| 650 | _aCINEMAS | ||
| 650 | _aENTERTAINMENT MARKET | ||
| 650 | _aLEISURE MARKET | ||
| 650 | _aMULTI-LEVEL DEVELOPMENTS | ||
| 650 | _aMULTIPLEX CINEMAS | ||
| 690 | _aLEISURE AND RECREATION | ||
| 942 | _n0 | ||
| 948 | _c18/02/1998 | ||
| 999 |
_c52980 _d52980 |
||